[Event "IPCA Wch 21st"]
[Site "Ashdod"]
[Date "2022.05.13"]
[Round "6"]
[White "Srimskov, Elishar"]
[Black "Lipilin, Ilia"]
[Result "0-1"]
[WhiteElo "1992"]
[BlackElo "2198"]
[PlyCount "70"]
[EventDate "2022.05.09"]
[EventType "swiss"]
[EventRounds "9"]
[EventCountry "ISR"]
[SourceTitle "CBM 208 Extra"]
[Source "ChessBase"]
[SourceDate "2022.07.31"]
[SourceVersion "1"]
[SourceVersionDate "2022.07.31"]
[SourceQuality "1"]

1. Nf3 f5 2. d3 Nc6 3. e4 e5 4. Nc3 Nf6 5. Bg5 Bb4 6. Be2 0-0 7. 0-0 Bxc3 8. bxc3 h6 9. Bc1 d6 10. exf5 Bxf5 11. Nh4 Be6 12. Ng6 Re8 13. f4 Nd5 14. Qe1 exf4 15. Nxf4 Nxf4 16. Rxf4 Qe7 17. Bh5 Bf7 18. Qxe7 Rxe7 19. Bf3 Re1+ 20. Kf2 Rae8 21. Re4 R8xe4 22. Bxe4 Rh1 23. c4 Nb4 24. Rb1 b6 25. Rxb4 Rxc1 26. Rb2 Be8 27. Ke3 Ba4 28. Kd2 Rh1 29. h3 Kf7 30. c3 Kf6 31. Ke3 Re1+ 32. Kd4 Ke6 33. Bd5+ Kd7 34. Ba8 c5+ 35. Kd5 Re5# 0-1